[Event "9th Bangabandhu Rapid Men 2021"]
[Site "Dhaka"]
[Date "2021.04.02"]
[Round "5.5"]
[White "Rahman, Taibur"]
[Black "Jabed Al Azad"]
[Result "0-1"]
[WhiteElo "2189"]
[BlackElo "1983"]
[Annotator "ChessBase"]
[PlyCount "98"]
[EventDate "2021.04.02"]
[EventType "swiss"]
[EventCountry "BAN"]
[SourceTitle "playchess.com"]
[Source "ChessBase"]
[SourceQuality "1"]
[TimeControl "1500+10"]

1. d4 {[%emt 0:00:00]} Nf6 {[%emt 0:00:00]} 2. c4 {[%emt 0:00:00]} g6 {[%emt 0:00:00]} 3. Nc3 {[%emt 0:00:00]} d5 {[%emt 0:00:01]} 4. cxd5 {[%emt 0:00:01]} Nxd5 {[%emt 0:00:02]} 5. e4 {[%emt 0:00:02]} Nxc3 {[%emt 0:00:02]} 6. bxc3 {[%emt 0:00:01]} Bg7 {[%emt 0:00:02]} 7. Bc4 {[%emt 0:00:34]} O-O {[%emt 0:00:04]} 8. Ne2 {[%emt 0:00:02]} Nc6 {[%emt 0:26:09]} 9. h4 {[%emt 0:00:00]} h5 {[%emt 0:00:00]} 10. Bg5 {[%emt 0:00:00]} Na5 {[%emt 0:00:00]} 11. Bb5 {[%emt 0:00:00]} a6 {[%emt 0:00:00]} 12. Ba4 {[%emt 0:00:00]} f6 {[%emt 0:00:00]} 13. Be3 {[%emt 0:00:00]} e5 {[%emt 0:00:00]} 14. dxe5 {[%emt 0:00:00]} fxe5 {[%emt 0:00:00]} 15. Bc5 {[%emt 0:00:00]} Qxd1+ {[%emt 0:00:00]} 16. Rxd1 {[%emt 0:00:00]} Rf6 {[%emt 0:00:00]} 17. Rd8+ {[%emt 0:00:00]} Kh7 {[%emt 0:00:00]} 18. Be7 {[%emt 0:00:00]} Rf7 {[%emt 0:00:00]} 19. Bb4 {[%emt 0:00:00]} b5 {[%emt 0:00:00]} 20. Bc2 {[%emt 0:00:00]} Nb7 {[%emt 0:00:00]} 21. Rd1 {[%emt 0:00:00]} c5 {[%emt 0:00:00]} 22. Ba3 {[%emt 0:00:00]} Be6 {[%emt 0:00:00]} 23. Bb3 {[%emt 0:00:00]} c4 {[%emt 0:00:40]} 24. Bc2 {[%emt 0:00:00]} Bf8 {[%emt 0:00:50]} 25. Bxf8 {[%emt 0:01:00]} Rfxf8 {[%emt 0:00:00]} 26. O-O {[%emt 0:00:10]} Rad8 {[%emt 0:00:00]} 27. f3 {[%emt 0:00:00]} Nc5 {[%emt 0:00:00]} 28. Kf2 {[%emt 0:00:00]} a5 {[%emt 0:00:00]} 29. a3 {[%emt 0:00:00]} Kg7 {[%emt 0:00:00]} 30. Ke3 {[%emt 0:00:00]} Nb3 {[%emt 0:00:00]} 31. f4 {[%emt 0:00:00]} Bg4 {[%emt 0:00:00]} 32. fxe5 {[%emt 0:00:00]} Rxf1 {[%emt 0:00:00]} 33. Rxd8 {[%emt 0:00:00]} Re1 {[%emt 0:00:30]} 34. Bd1 {[%emt 0:00:00]} Nc5 {[%emt 0:00:00]} 35. Kf2 {[%emt 0:00:00]} Rh1 {[%emt 0:00:00]} 36. Bc2 {[%emt 0:00:00]} Ra1 {[%emt 0:00:20]} 37. Rd5 {[%emt 0:00:11]} Ra2 {[%emt 0:00:00]} 38. Bd1 {[%emt 0:01:09]} Bxe2 {[%emt 0:00:00]} 39. Bxe2 {[%emt 0:00:13]} Nxe4+ {[%emt 0:00:00]} 40. Ke3 {[%emt 0:00:10]} Rxe2+ {[%emt 0:00:00]} 41. Kf4 {[%emt 0:00:48]} Nxc3 {[%emt 0:00:00]} 42. Rd7+ {[%emt 0:00:01]} Kh6 {[%emt 0:00:00]} 43. Rd4 {[%emt 0:00:30]} Rxg2 {[%emt 0:00:00]} 44. e6 {[%emt 0:00:08]} Re2 {[%emt 0:00:00]} 45. Rd6 {[%emt 0:00:02]} b4 {[%emt 0:00:00]} 46. axb4 {[%emt 0:00:01]} axb4 {[%emt 0:00:00]} 47. Rb6 {[%emt 0:00:26]} Nd5+ {[%emt 0:02:10]} 48. Kf3 {[%emt 0:00:01]} Nxb6 {[%emt 0:00:00]} 49. Kxe2 {[%emt 0:00:02]} Kg7 {[%emt 0:00:00]} 0-1

[Event "9th Bangabandhu Rapid Men 2021"]
[Site "Dhaka"]
[Date "2021.04.02"]
[Round "5.6"]
[White "Mohammad Minhaz Uddin"]
[Black "Zia, Tahsin Tajwar"]
[Result "1/2-1/2"]
[WhiteElo "2281"]
[BlackElo "2170"]
[Annotator "ChessBase"]
[PlyCount "104"]
[EventDate "2021.04.02"]
[EventType "swiss"]
[EventCountry "BAN"]
[SourceTitle "playchess.com"]
[Source "ChessBase"]
[SourceQuality "1"]
[TimeControl "1500+10"]

1. e4 {[%emt 0:00:00]} c6 {[%emt 0:00:07]} 2. d4 {[%emt 0:25:20]} d5 {[%emt 0:00:01]} 3. exd5 {[%emt 0:00:10]} cxd5 {[%emt 0:00:02]} 4. c4 {[%emt 0:00:01]} Nf6 {[%emt 0:00:04]} 5. Nc3 {[%emt 0:00:03]} e6 {[%emt 0:00:07]} 6. Nf3 {[%emt 0:00:04]} Nc6 {[%emt 0:00:13]} 7. Bd3 {[%emt 0:00:49]} Bb4 {[%emt 0:00:44]} 8. O-O {[%emt 0:00:06]} O-O {[%emt 0:00:22]} 9. a3 {[%emt 0:00:10]} dxc4 {[%emt 0:00:37]} 10. Bxc4 {[%emt 0:00:04]} Be7 {[%emt 0:00:02]} 11. Ba2 {[%emt 0:02:03]} Nd5 {[%emt 0:01:19]} 12. Ne4 {[%emt 0:01:01]} b6 {[%emt 0:02:47]} 13. Re1 {[%emt 0:00:03]} Bb7 {[%emt 0:00:23]} 14. Qd3 {[%emt 0:22:46]} Bf6 {[%emt 0:20:32]} 15. Bd2 {[%emt 0:03:45]} Nce7 {[%emt 0:01:39]} 16. Rac1 {[%emt 0:00:44]} a5 {[%emt 0:00:47]} 17. Ne5 {[%emt 0:00:28]} Ng6 {[%emt 0:02:04]} 18. Nxf6+ {[%emt 0:05:40]} Nxf6 {[%emt 0:03:51]} 19. Bg5 {[%emt 0:00:59]} Bd5 {[%emt 0:03:15]} 20. Bb1 {[%emt 0:00:53]} Rc8 {[%emt 0:00:35]} 21. h4 {[%emt 0:09:55]} Rxc1 {[%emt 0:03:35]} 22. Rxc1 {[%emt 0:00:01]} Qd6 {[%emt 0:02:45]} 23. Qe2 {[%emt 0:00:33]} Nd7 {[%emt 0:00:23]} 24. Nxd7 {[%emt 0:00:42]} Qxd7 {[%emt 0:00:01]} 25. h5 {[%emt 0:00:07]} Ne7 {[%emt 0:00:11]} 26. h6 {[%emt 0:00:02]} Ng6 {[%emt 0:00:23]} 27. hxg7 {[%emt 0:00:17]} Rc8 {[%emt 0:00:01]} 28. Rd1 {[%emt 0:00:19]} Kxg7 {[%emt 0:00:21]} 29. Qh5 {[%emt 0:00:04]} f5 {[%emt 0:00:11]} 30. Re1 {[%emt 0:00:21]} Qf7 {[%emt 0:00:13]} 31. Qh2 {[%emt 0:00:14]} Qc7 {[%emt 0:00:06]} 32. Qh6+ {[%emt 0:00:09]} Kg8 {[%emt 0:00:03]} 33. Bf6 {[%emt 0:00:12]} Qf7 {[%emt 0:00:07]} 34. Bg5 {[%emt 0:00:05]} b5 {[%emt 0:00:19]} 35. Bd3 {[%emt 0:00:07]} b4 {[%emt 0:00:07]} 36. axb4 {[%emt 0:00:03]} axb4 {[%emt 0:00:01]} 37. Qh2 {[%emt 0:00:04]} Qc7 {[%emt 0:00:04]} 38. Qxc7 {[%emt 0:00:09]} Rxc7 {[%emt 0:00:01]} 39. Bd2 {[%emt 0:00:13]} b3 {[%emt 0:00:06]} 40. f3 {[%emt 0:00:10]} Ra7 {[%emt 0:00:59]} 41. Bb1 {[%emt 0:00:19]} Kf7 {[%emt 0:00:13]} 42. Kf2 {[%emt 0:00:01]} Ra4 {[%emt 0:00:24]} 43. Bc3 {[%emt 0:00:12]} Kg7 {[%emt 0:00:05]} 44. g3 {[%emt 0:00:09]} Ra7 {[%emt 0:00:07]} 45. Bd3 {[%emt 0:00:17]} Kf7 {[%emt 0:00:17]} 46. Rh1 {[%emt 0:00:07]} Kg7 {[%emt 0:00:01]} 47. Re1 {[%emt 0:00:22]} Kf7 {[%emt 0:00:01]} 48. Bb5 {[%emt 0:00:05]} Rb7 {[%emt 0:00:05]} 49. Bd3 {[%emt 0:00:09]} Ra7 {[%emt 0:00:00]} 50. Rc1 {[%emt 0:00:17]} Ra2 {[%emt 0:00:57]} 51. Bb1 {[%emt 0:00:04]} Ra4 {[%emt 0:00:03]} 52. Bd3 {[%emt 0:00:13]} Ra2 {[%emt 0:01:00]} 1/2-1/2

[Event "9th Bangabandhu Rapid Men 2021"]
[Site "Dhaka"]
[Date "2021.04.02"]
[Round "5.7"]
[White "Subrota, Biswas"]
[Black "Chowdhury, Sohel"]
[Result "1-0"]
[WhiteElo "2256"]
[BlackElo "2091"]
[Annotator "ChessBase"]
[PlyCount "62"]
[EventDate "2021.04.02"]
[EventType "swiss"]
[EventCountry "BAN"]
[SourceTitle "playchess.com"]
[Source "ChessBase"]
[SourceQuality "1"]
[TimeControl "1500+10"]

1. e4 {[%emt 0:00:11]} c6 {[%emt 0:00:00]} 2. Nf3 {[%emt 0:00:01]} d5 {[%emt 0:00:00]} 3. Nc3 {[%emt 0:00:02]} Bg4 {[%emt 0:00:04]} 4. h3 {[%emt 0:00:02]} Bxf3 {[%emt 0:00:16]} 5. gxf3 {[%emt 0:00:02]} e6 {[%emt 0:00:25]} 6. d4 {[%emt 0:00:03]} Nf6 {[%emt 0:00:15]} 7. Rg1 {[%emt 0:00:10]} g6 {[%emt 0:00:22]} 8. Bg5 {[%emt 0:01:44]} Be7 {[%emt 0:00:03]} 9. Qd2 {[%emt 0:00:43]} Nbd7 {[%emt 0:00:13]} 10. O-O-O {[%emt 0:00:44]} Nb6 {[%emt 0:01:35]} 11. exd5 {[%emt 0:01:31]} Nfxd5 {[%emt 0:00:24]} 12. Ne4 {[%emt 0:01:19]} Nf6 {[%emt 0:00:59]} 13. c4 {[%emt 0:02:33]} Nxe4 {[%emt 0:00:28]} 14. fxe4 {[%emt 0:00:02]} Bxg5 {[%emt 0:00:06]} 15. Rxg5 {[%emt 0:00:46]} Qe7 {[%emt 0:01:31]} 16. Qf4 {[%emt 0:06:10]} O-O-O {[%emt 0:01:24]} 17. Ra5 {[%emt 0:00:28]} a6 {[%emt 0:03:24]} 18. Ra3 {[%emt 0:04:51]} f6 {[%emt 0:01:12]} 19. c5 {[%emt 0:00:23]} e5 {[%emt 0:00:52]} 20. Qg4+ {[%emt 0:00:32]} Nd7 {[%emt 0:00:04]} 21. d5 {[%emt 0:01:27]} h5 {[%emt 0:02:23]} 22. Qe2 {[%emt 0:03:01]} Nxc5 {[%emt 0:00:21]} 23. b4 {[%emt 0:00:10]} Nd7 {[%emt 0:04:38]} 24. Rxa6 {[%emt 0:00:50]} Nb8 {[%emt 0:00:24]} 25. Ra3 {[%emt 0:00:30]} Qxb4 {[%emt 0:00:09]} 26. Rb3 {[%emt 0:00:08]} Qa5 {[%emt 0:00:48]} 27. Kb1 {[%emt 0:00:03]} cxd5 {[%emt 0:00:07]} 28. exd5 {[%emt 0:00:07]} Rxd5 {[%emt 0:00:14]} 29. Qc4+ {[%emt 0:00:20]} Rc5 {[%emt 0:00:02]} 30. Qe6+ {[%emt 0:00:02]} Kc7 {[%emt 0:01:51]} 31. Qe7+ {[%emt 0:00:03]} Kc8 {[%emt 0:00:00]} 1-0

[Event "9th Bangabandhu Rapid Men 2021"]
[Site "Dhaka"]
[Date "2021.04.02"]
[Round "5.8"]
[White "Tutul, Dhar"]
[Black "Reefat, Bin-Sattar"]
[Result "0-1"]
[WhiteElo "1826"]
[BlackElo "2401"]
[Annotator "ChessBase"]
[PlyCount "90"]
[EventDate "2021.04.02"]
[EventType "swiss"]
[EventCountry "BAN"]
[SourceTitle "playchess.com"]
[Source "ChessBase"]
[SourceQuality "1"]
[TimeControl "1500+10"]

1. d4 {[%emt 0:00:00]} e6 {[%emt 0:00:00]} 2. Bf4 {[%emt 0:00:00]} Nf6 {[%emt 0:00:10]} 3. Nf3 {[%emt 0:00:00]} c5 {[%emt 0:00:02]} 4. e3 {[%emt 0:00:04]} Be7 {[%emt 0:07:24]} 5. c3 {[%emt 0:00:06]} b6 {[%emt 0:00:19]} 6. Nbd2 {[%emt 0:00:11]} Bb7 {[%emt 0:00:03]} 7. Bd3 {[%emt 0:00:02]} d6 {[%emt 0:00:19]} 8. Qe2 {[%emt 0:00:40]} Nh5 {[%emt 0:01:34]} 9. Bg3 {[%emt 0:00:02]} Nd7 {[%emt 0:01:06]} 10. e4 {[%emt 0:00:19]} Qc7 {[%emt 0:01:02]} 11. e5 {[%emt 0:00:46]} Nxg3 {[%emt 0:00:18]} 12. hxg3 {[%emt 0:00:02]} dxe5 {[%emt 0:00:07]} 13. dxe5 {[%emt 0:00:05]} h6 {[%emt 0:00:04]} 14. O-O-O {[%emt 0:00:25]} O-O-O {[%emt 0:00:28]} 15. Ba6 {[%emt 0:00:29]} Nb8 {[%emt 0:03:03]} 16. Bxb7+ Kxb7 {[%emt 0:00:00]} 17. Nh4 {[%emt 0:02:36]} g5 {[%emt 0:02:04]} 18. Nhf3 {[%emt 0:00:05]} Nc6 {[%emt 0:00:03]} 19. Kb1 {[%emt 0:00:14]} g4 {[%emt 0:00:05]} 20. Nh2 {[%emt 0:00:10]} h5 {[%emt 0:00:30]} 21. Rhe1 {[%emt 0:00:02]} Rd5 {[%emt 0:00:31]} 22. f4 {[%emt 0:00:29]} gxf3 {[%emt 0:00:28]} 23. Nhxf3 {[%emt 0:22:03]} Rg8 {[%emt 0:09:10]} 24. Qf2 {[%emt 0:00:00]} b5 {[%emt 0:00:00]} 25. c4 {[%emt 0:00:00]} bxc4 {[%emt 0:00:00]} 26. Nxc4 {[%emt 0:00:00]} Rgd8 {[%emt 0:00:00]} 27. Qc2 {[%emt 0:00:00]} Nb4 {[%emt 0:00:00]} 28. Qb3 {[%emt 0:00:00]} Ka8 {[%emt 0:00:00]} 29. a3 {[%emt 0:00:00]} Nd3 {[%emt 0:00:00]} 30. Rf1 {[%emt 0:00:00]} f6 {[%emt 0:00:00]} 31. Nd6 {[%emt 0:00:00]} Bxd6 {[%emt 0:00:00]} 32. Rxd3 {[%emt 0:00:00]} c4 {[%emt 0:00:00]} 33. exd6 {[%emt 0:00:00]} Qh7 {[%emt 0:00:00]} 34. Qxc4 {[%emt 0:00:00]} Qxd3+ {[%emt 0:00:00]} 35. Qxd3 {[%emt 0:00:00]} Rxd3 {[%emt 0:00:00]} 36. Nh4 {[%emt 0:00:00]} f5 {[%emt 0:00:00]} 37. Nf3 {[%emt 0:00:00]} R8xd6 {[%emt 0:00:00]} 38. Kc2 {[%emt 0:00:00]} R3d5 {[%emt 0:00:00]} 39. Rh1 {[%emt 0:00:00]} e5 {[%emt 0:00:00]} 40. Rxh5 {[%emt 0:00:00]} e4 {[%emt 0:00:00]} 41. Nh4 {[%emt 0:00:00]} e3 {[%emt 0:00:00]} 42. Nxf5 {[%emt 0:00:00]} Rd8 {[%emt 0:00:00]} 43. Rh7 {[%emt 0:00:17]} Rxf5 {[%emt 0:00:00]} 44. Re7 {[%emt 0:00:01]} Rf2+ {[%emt 0:00:00]} 45. Kc3 {[%emt 0:00:05]} e2 {[%emt 0:03:40]} 0-1

[Event "9th Bangabandhu Rapid Men 2021"]
[Site "Dhaka"]
[Date "2021.04.02"]
[Round "6.1"]
[White "Hossain, Enamul"]
[Black "Mohammad Fahad, Rahman"]
[Result "1/2-1/2"]
[WhiteElo "2404"]
[BlackElo "2321"]
[Annotator "ChessBase"]
[PlyCount "41"]
[EventDate "2021.04.02"]
[EventType "swiss"]
[EventCountry "BAN"]
[SourceTitle "playchess.com"]
[Source "ChessBase"]
[SourceQuality "1"]
[TimeControl "1500+10"]

1. d4 {[%emt 0:00:00]} d5 {[%emt 0:00:00]} 2. c4 {[%emt 0:00:00]} c6 {[%emt 0:00:00]} 3. Nf3 {[%emt 0:00:00]} Nf6 {[%emt 0:00:00]} 4. Nc3 {[%emt 0:00:00]} e6 {[%emt 0:00:00]} 5. e3 {[%emt 0:00:04]} Nbd7 {[%emt 0:00:00]} 6. Bd3 {[%emt 0:00:03]} dxc4 {[%emt 0:00:01]} 7. Bxc4 {[%emt 0:00:01]} b5 {[%emt 0:00:07]} 8. Bd3 {[%emt 0:00:02]} Bd6 {[%emt 0:00:02]} 9. O-O {[%emt 0:00:04]} O-O {[%emt 0:00:04]} 10. Bd2 {[%emt 0:00:09]} Bb7 {[%emt 0:00:16]} 11. Rc1 {[%emt 0:00:08]} Rc8 {[%emt 0:00:42]} 12. a3 {[%emt 0:26:29]} e5 {[%emt 0:01:51]} 13. b4 {[%emt 0:00:00]} Qe7 {[%emt 0:00:43]} 14. Ng5 {[%emt 0:00:00]} Bb8 {[%emt 0:02:34]} 15. Qc2 {[%emt 0:00:30]} h6 {[%emt 0:21:10]} 16. Nge4 Rcd8 {[%emt 0:00:10]} 17. Nxf6+ Nxf6 18. dxe5 {[%emt 0:00:30]} Bxe5 {[%emt 0:00:20]} 19. Ne4 {[%emt 0:00:10]} a5 {[%emt 0:00:10]} 20. Nc5 {[%emt 0:00:10]} Bd6 {[%emt 0:00:10]} 21. Ne4 {[%emt 0:00:10]} 1/2-1/2

[Event "9th Bangabandhu Rapid Men 2021"]
[Site "Dhaka"]
[Date "2021.04.02"]
[Round "6.2"]
[White "Rahman, Ziaur"]
[Black "Ghosh, Chanchal Kumer"]
[Result "1-0"]
[WhiteElo "2432"]
[BlackElo "2052"]
[Annotator "ChessBase"]
[PlyCount "57"]
[EventDate "2021.04.02"]
[EventType "swiss"]
[EventCountry "BAN"]
[SourceTitle "playchess.com"]
[Source "ChessBase"]
[SourceQuality "1"]
[TimeControl "1500+10"]

1. d4 {[%emt 0:00:00]} d5 {[%emt 0:00:00]} 2. Nf3 {[%emt 0:00:00]} Nf6 {[%emt 0:00:00]} 3. g3 {[%emt 0:00:24]} e6 {[%emt 0:00:15]} 4. Bg2 {[%emt 0:00:03]} c5 {[%emt 0:00:03]} 5. O-O {[%emt 0:00:04]} Nc6 {[%emt 0:00:08]} 6. c4 {[%emt 0:00:13]} Be7 {[%emt 0:00:27]} 7. cxd5 {[%emt 0:00:12]} exd5 {[%emt 0:00:05]} 8. dxc5 {[%emt 0:00:02]} Bxc5 {[%emt 0:00:15]} 9. a3 {[%emt 0:00:02]} O-O {[%emt 0:00:10]} 10. b4 {[%emt 0:00:07]} Bb6 {[%emt 0:00:45]} 11. Nc3 {[%emt 0:00:33]} h6 {[%emt 0:00:46]} 12. Bb2 {[%emt 0:25:20]} Re8 {[%emt 0:01:29]} 13. Rc1 {[%emt 0:00:00]} Bg4 {[%emt 0:00:51]} 14. Na4 {[%emt 0:00:00]} Bc7 {[%emt 0:01:02]} 15. Nc5 {[%emt 0:00:00]} Rb8 {[%emt 0:00:44]} 16. Nxb7 {[%emt 0:00:00]} Rxb7 {[%emt 0:01:05]} 17. Rxc6 {[%emt 0:00:00]} Ne4 {[%emt 0:02:56]} 18. Bd4 {[%emt 0:00:00]} Qd7 {[%emt 0:01:15]} 19. Rc1 {[%emt 0:00:00]} Qb5 {[%emt 0:02:51]} 20. Qc2 {[%emt 0:00:00]} a5 {[%emt 0:01:14]} 21. a4 {[%emt 0:01:30]} Qd7 {[%emt 0:01:54]} 22. b5 {[%emt 0:00:00]} Bd6 {[%emt 0:00:17]} 23. Qb2 {[%emt 0:00:00]} f6 {[%emt 0:00:23]} 24. Qa2 {[%emt 0:00:00]} Bb4 {[%emt 0:00:55]} 25. Rc6 {[%emt 0:00:00]} Kh8 {[%emt 0:01:10]} 26. Rd1 {[%emt 0:00:00]} Bh5 {[%emt 0:02:38]} 27. Qc2 {[%emt 0:00:00]} Bg6 {[%emt 0:02:28]} 28. Qc1 {[%emt 0:00:00]} Re6 {[%emt 0:00:38]} 29. Bh3 {[%emt 0:00:00]} 1-0

[Event "9th Bangabandhu Rapid Men 2021"]
[Site "Dhaka"]
[Date "2021.04.02"]
[Round "6.3"]
[White "Jabed Al Azad"]
[Black "Subrota, Biswas"]
[Result "1-0"]
[WhiteElo "1983"]
[BlackElo "2256"]
[Annotator "ChessBase"]
[PlyCount "53"]
[EventDate "2021.04.02"]
[EventType "swiss"]
[EventCountry "BAN"]
[SourceTitle "playchess.com"]
[Source "ChessBase"]
[SourceQuality "1"]
[TimeControl "1500+10"]

1. e4 {[%emt 0:00:00]} c6 {[%emt 0:00:00]} 2. d4 {[%emt 0:25:20]} d5 {[%emt 0:00:00]} 3. Nc3 {[%emt 0:00:00]} dxe4 {[%emt 0:00:00]} 4. Nxe4 {[%emt 0:00:00]} Bf5 {[%emt 0:00:00]} 5. Ng3 {[%emt 0:00:00]} Bg6 {[%emt 0:00:01]} 6. Nf3 {[%emt 0:00:00]} Nd7 {[%emt 0:00:02]} 7. h4 {[%emt 0:00:00]} h6 {[%emt 0:00:04]} 8. h5 {[%emt 0:00:00]} Bh7 {[%emt 0:00:01]} 9. Bd3 {[%emt 0:00:00]} Bxd3 {[%emt 0:00:03]} 10. Qxd3 {[%emt 0:00:00]} e6 {[%emt 0:00:01]} 11. Bd2 {[%emt 0:00:00]} Ngf6 {[%emt 0:00:03]} 12. O-O-O {[%emt 0:00:00]} Be7 {[%emt 0:00:01]} 13. Kb1 {[%emt 0:00:00]} O-O {[%emt 0:00:51]} 14. Ne4 {[%emt 0:00:10]} c5 {[%emt 0:00:30]} 15. g4 {[%emt 0:00:00]} Nxg4 {[%emt 0:00:10]} 16. Qe2 {[%emt 0:00:00]} Qb6 {[%emt 0:00:00]} 17. Rhg1 {[%emt 0:00:00]} f5 {[%emt 0:00:00]} 18. Nxc5 {[%emt 0:00:00]} Nxc5 {[%emt 0:00:30]} 19. dxc5 {[%emt 0:00:00]} Qa6 {[%emt 0:00:00]} 20. c4 {[%emt 0:00:00]} Bf6 {[%emt 0:00:50]} 21. Bb4 {[%emt 0:00:00]} Rae8 {[%emt 0:01:00]} 22. Nd4 {[%emt 0:00:00]} Qa4 {[%emt 0:00:00]} 23. Bc3 {[%emt 0:00:00]} b6 {[%emt 0:00:00]} 24. b3 {[%emt 0:00:20]} Qa6 {[%emt 0:00:10]} 25. c6 {[%emt 0:00:00]} Qc8 {[%emt 0:00:31]} 26. Qf3 {[%emt 0:00:00]} Bxd4 {[%emt 0:00:17]} 27. Rxd4 {[%emt 0:00:00]} 1-0

[Event "9th Bangabandhu Rapid Men 2021"]
[Site "Dhaka"]
[Date "2021.04.02"]
[Round "6.4"]
[White "Islam, Khandaker Aminul"]
[Black "Manon, Reja Neer"]
[Result "1-0"]
[WhiteElo "2210"]
[BlackElo "2112"]
[Annotator "ChessBase"]
[PlyCount "53"]
[EventDate "2021.04.02"]
[EventType "swiss"]
[EventCountry "BAN"]
[SourceTitle "playchess.com"]
[Source "ChessBase"]
[SourceQuality "1"]
[TimeControl "1500+10"]

1. d4 {[%emt 0:00:00]} Nf6 {[%emt 0:00:00]} 2. Nf3 {[%emt 0:00:00]} e6 {[%emt 0:00:00]} 3. Bf4 {[%emt 0:00:00]} d5 {[%emt 0:00:00]} 4. e3 {[%emt 0:00:02]} Be7 {[%emt 0:00:21]} 5. h3 {[%emt 0:00:05]} b6 {[%emt 0:01:07]} 6. Nbd2 {[%emt 0:00:04]} Bb7 {[%emt 0:00:04]} 7. Bd3 {[%emt 0:00:10]} Nbd7 {[%emt 0:00:14]} 8. a4 {[%emt 0:00:06]} c5 {[%emt 0:00:21]} 9. c3 {[%emt 0:00:10]} O-O {[%emt 0:00:37]} 10. Qb1 {[%emt 0:00:39]} h6 {[%emt 0:02:05]} 11. g4 {[%emt 0:00:25]} Ne8 {[%emt 0:00:20]} 12. Rg1 {[%emt 0:00:10]} g5 {[%emt 0:01:07]} 13. Bg3 {[%emt 0:00:00]} Kg7 {[%emt 0:00:08]} 14. Ke2 {[%emt 0:00:00]} Bd6 {[%emt 0:20:56]} 15. h4 {[%emt 0:00:00]} Bxg3 {[%emt 0:00:57]} 16. Rxg3 {[%emt 0:00:00]} Rh8 {[%emt 0:00:44]} 17. Rh3 {[%emt 0:00:00]} Nd6 {[%emt 0:02:13]} 18. Qh1 {[%emt 0:00:00]} Ne4 {[%emt 0:01:16]} 19. Rg1 {[%emt 0:00:00]} Qf6 {[%emt 0:01:02]} 20. Qh2 {[%emt 0:00:00]} Rac8 {[%emt 0:00:50]} 21. Rh1 {[%emt 0:00:00]} Rhg8 {[%emt 0:03:50]} 22. hxg5 {[%emt 0:00:00]} hxg5 {[%emt 0:00:03]} 23. Rh6 {[%emt 0:01:50]} Qe7 {[%emt 0:00:38]} 24. Bb5 {[%emt 0:00:00]} Ndf6 {[%emt 0:05:03]} 25. Nxe4 {[%emt 0:00:00]} dxe4 {[%emt 0:02:52]} 26. Ne5 {[%emt 0:02:20]} a6 {[%emt 0:02:00]} 27. Rh7+ {[%emt 0:02:30]} 1-0

[Event "9th Bangabandhu Rapid Men 2021"]
[Site "Dhaka"]
[Date "2021.04.02"]
[Round "6.5"]
[White "Mollah Abdullah, Al Rakib"]
[Black "Anata, Choudhury"]
[Result "1-0"]
[WhiteElo "2464"]
[BlackElo "2184"]
[Annotator "ChessBase"]
[PlyCount "67"]
[EventDate "2021.04.02"]
[EventType "swiss"]
[EventCountry "BAN"]
[SourceTitle "playchess.com"]
[Source "ChessBase"]
[SourceQuality "1"]
[TimeControl "1500+10"]

1. d4 {[%emt 0:00:00]} Nf6 {[%emt 0:00:00]} 2. Nf3 {[%emt 0:00:00]} e6 {[%emt 0:00:00]} 3. c4 {[%emt 0:00:25]} Bb4+ {[%emt 0:00:09]} 4. Nbd2 {[%emt 0:00:09]} b6 {[%emt 0:00:11]} 5. a3 {[%emt 0:00:26]} Bxd2+ {[%emt 0:00:04]} 6. Bxd2 {[%emt 0:25:00]} Bb7 {[%emt 0:00:04]} 7. Bg5 {[%emt 0:00:00]} d6 {[%emt 0:00:03]} 8. e3 {[%emt 0:00:00]} Nbd7 {[%emt 0:00:04]} 9. Nd2 {[%emt 0:00:00]} h6 {[%emt 0:25:55]} 10. Bh4 {[%emt 0:00:00]} g5 {[%emt 0:00:00]} 11. Bg3 {[%emt 0:00:00]} Qe7 {[%emt 0:00:00]} 12. f3 {[%emt 0:00:00]} h5 {[%emt 0:00:00]} 13. Be2 {[%emt 0:00:00]} h4 {[%emt 0:00:00]} 14. Bf2 {[%emt 0:00:00]} h3 {[%emt 0:00:00]} 15. g3 {[%emt 0:01:30]} Ng4 {[%emt 0:00:00]} 16. Bg1 {[%emt 0:00:00]} f5 {[%emt 0:00:00]} 17. Qc2 {[%emt 0:00:00]} O-O-O {[%emt 0:00:00]} 18. O-O-O {[%emt 0:00:00]} Rdf8 {[%emt 0:00:00]} 19. Kb1 {[%emt 0:00:00]} Kb8 {[%emt 0:00:00]} 20. Nb3 {[%emt 0:00:00]} Ngf6 {[%emt 0:00:00]} 21. d5 {[%emt 0:00:00]} exd5 {[%emt 0:00:00]} 22. Nd4 {[%emt 0:00:00]} Ne5 {[%emt 0:00:00]} 23. Nxf5 {[%emt 0:00:00]} Qh7 {[%emt 0:00:00]} 24. cxd5 {[%emt 0:00:00]} g4 {[%emt 0:00:00]} 25. f4 {[%emt 0:00:00]} Bxd5 {[%emt 0:00:55]} 26. Rxd5 {[%emt 0:00:00]} Nxd5 {[%emt 0:00:03]} 27. e4 {[%emt 0:00:00]} Nf3 {[%emt 0:00:05]} 28. Nd4 {[%emt 0:00:00]} Nxg1 {[%emt 0:01:07]} 29. Rxg1 {[%emt 0:00:00]} Nf6 {[%emt 0:00:13]} 30. Bd3 {[%emt 0:00:00]} Qh5 {[%emt 0:00:38]} 31. Nc6+ {[%emt 0:00:00]} Kb7 {[%emt 0:00:04]} 32. Rc1 {[%emt 0:00:00]} Rf7 {[%emt 0:00:45]} 33. Qc4 {[%emt 0:00:26]} Ne8 {[%emt 0:00:00]} 34. Qa6+ {[%emt 0:00:09]} 1-0